<?xml version="1.0" encoding="UTF-8"?>
<record
    xmlns:xsi="http://www.w3.org/2001/XMLSchema-instance"
    xsi:schemaLocation="http://www.loc.gov/MARC21/slim http://www.loc.gov/standards/marcxml/schema/MARC21slim.xsd"
    xmlns="http://www.loc.gov/MARC21/slim">

  <leader>03731cam a2200409   4500500</leader>
  <controlfield tag="005">20260517000302.0</controlfield>
  <datafield tag="041" ind1=" " ind2=" ">
    <subfield code="a">fre</subfield>
  </datafield>
  <datafield tag="042" ind1=" " ind2=" ">
    <subfield code="a">dc</subfield>
  </datafield>
  <datafield tag="100" ind1="1" ind2="0">
    <subfield code="a">Br&#xE9;chat, Pierre-Henri</subfield>
    <subfield code="e">author</subfield>
  </datafield>
  <datafield tag="700" ind1="1" ind2="0">
    <subfield code="a">Castiel, Didier</subfield>
    <subfield code="e">author</subfield>
  </datafield>
  <datafield tag="700" ind1="1" ind2="0">
    <subfield code="a">Carmona, Damien</subfield>
    <subfield code="e">author</subfield>
  </datafield>
  <datafield tag="700" ind1="1" ind2="0">
    <subfield code="a">Brunner, Claudine</subfield>
    <subfield code="e">author</subfield>
  </datafield>
  <datafield tag="700" ind1="1" ind2="0">
    <subfield code="a">Segouin, Christophe</subfield>
    <subfield code="e">author</subfield>
  </datafield>
  <datafield tag="700" ind1="1" ind2="0">
    <subfield code="a">Khalfaoui, Samir</subfield>
    <subfield code="e">author</subfield>
  </datafield>
  <datafield tag="700" ind1="1" ind2="0">
    <subfield code="a">Delalay, Catherine</subfield>
    <subfield code="e">author</subfield>
  </datafield>
  <datafield tag="700" ind1="1" ind2="0">
    <subfield code="a">Barbier, Val&#xE9;rie</subfield>
    <subfield code="e">author</subfield>
  </datafield>
  <datafield tag="700" ind1="1" ind2="0">
    <subfield code="a">Muller, Florence</subfield>
    <subfield code="e">author</subfield>
  </datafield>
  <datafield tag="700" ind1="1" ind2="0">
    <subfield code="a">Grall, Jean-Yves</subfield>
    <subfield code="e">author</subfield>
  </datafield>
  <datafield tag="700" ind1="1" ind2="0">
    <subfield code="a">Truc, Jean-Bernard</subfield>
    <subfield code="e">author</subfield>
  </datafield>
  <datafield tag="700" ind1="1" ind2="0">
    <subfield code="a">Rymer, Roland</subfield>
    <subfield code="e">author</subfield>
  </datafield>
  <datafield tag="700" ind1="1" ind2="0">
    <subfield code="a">Bertrand, Dominique</subfield>
    <subfield code="e">author</subfield>
  </datafield>
  <datafield tag="245" ind1="0" ind2="0">
    <subfield code="a">&#xC9;quit&#xE9; et planification&#xA0;: analyse critique d'un sch&#xE9;ma r&#xE9;gional d'organisation sanitaire de troisi&#xE8;me g&#xE9;n&#xE9;ration &#xAB;&#xA0;p&#xE9;rinatalit&#xE9;&#xA0;&#xBB;</subfield>
  </datafield>
  <datafield tag="260" ind1=" " ind2=" ">
    <subfield code="c">2008.
							</subfield>
  </datafield>
  <datafield tag="500" ind1=" " ind2=" ">
    <subfield code="a">47</subfield>
  </datafield>
  <datafield tag="520" ind1=" " ind2=" ">
    <subfield code="a">R&#xE9;sum&#xE9;Le sch&#xE9;ma r&#xE9;gional d&#x2019;organisation sanitaire de troisi&#xE8;me g&#xE9;n&#xE9;ration (SROS III) propose de faire &#xE9;voluer l&#x2019;organisation sanitaire en fonction des besoins de sant&#xE9; de populations prises en charge et des &#xE9;volutions d&#x2019;activit&#xE9;s. Lors de l&#x2019;analyse strat&#xE9;gique d&#x2019;un SROS III &#xAB;&#xA0;p&#xE9;rinatalit&#xE9;&#xA0;&#xBB;, les promoteurs peuvent-ils passer d&#x2019;une approche en termes d&#x2019;accessibilit&#xE9; (&#xE9;quit&#xE9; &#xE9;galitariste) &#xE0; une approche par les besoins (&#xE9;quit&#xE9; diff&#xE9;rentielle), plus compliqu&#xE9;e &#xE0; mettre en &#x153;uvre, mais plus adapt&#xE9;e aux usagers dans un territoire de sant&#xE9;&#xA0;? La recherche s&#x2019;est appuy&#xE9;e sur l&#x2019;analyse de documents de novembre 2004 &#xE0; novembre 2006. Un centre hospitalier universitaire implant&#xE9; dans un quartier d&#xE9;favoris&#xE9; a &#xE9;labor&#xE9; des donn&#xE9;es qui ont permis de proposer le passage d&#x2019;une maternit&#xE9; de niveau I &#xE0; II. Cette proposition est retenue dans le projet m&#xE9;dical de territoire, puis est autoris&#xE9;e par l&#x2019;ARH. Professionnels de sant&#xE9; et promoteurs de la planification sanitaire peuvent mettre en &#x153;uvre une &#xE9;quit&#xE9; diff&#xE9;rentielle.</subfield>
  </datafield>
  <datafield tag="520" ind1=" " ind2=" ">
    <subfield code="a">The third generation of the regional healthcare organization plan (Sros III) proposes to develop the organisation of healthcare and its management according to evolution of its activities and the populations concerned. At the time of a strategic analysis of SROS III (what we refer to as its perinatal period), the question is whether promoters can move from an approach based on accessibility (egalitarian equity) to a needs-based approach (differential equity), which although more complicated in to apply and implement, was found be much better adapted to healthcare users. The research is derived from an analysis of documents from November 2004 to November 2006. A university public hospital developed the data which supported a proposal to shift from level I to level II. This proposition was retained in the territory&#x2019;s medical plan authorized by the regional health authorities. Health professionals and the architects of the healthcare plan have the capacity to new organizations responsible for taking into account the activities and healthcare needs of the population in order to initiate and establish differential equity.</subfield>
  </datafield>
  <datafield tag="690" ind1=" " ind2=" ">
    <subfield code="a">&#xE9;quit&#xE9;</subfield>
  </datafield>
  <datafield tag="690" ind1=" " ind2=" ">
    <subfield code="a">planification sanitaire</subfield>
  </datafield>
  <datafield tag="690" ind1=" " ind2=" ">
    <subfield code="a">sch&#xE9;ma r&#xE9;gional d&#x2019;organisation sanitaire de troisi&#xE8;me g&#xE9;n&#xE9;ration (SROS III)</subfield>
  </datafield>
  <datafield tag="690" ind1=" " ind2=" ">
    <subfield code="a">contract for multiple year objectives and needs (CPOM)</subfield>
  </datafield>
  <datafield tag="690" ind1=" " ind2=" ">
    <subfield code="a">equity</subfield>
  </datafield>
  <datafield tag="690" ind1=" " ind2=" ">
    <subfield code="a">healthcare planning</subfield>
  </datafield>
  <datafield tag="690" ind1=" " ind2=" ">
    <subfield code="a">territorial medical plan (PMT)</subfield>
  </datafield>
  <datafield tag="690" ind1=" " ind2=" ">
    <subfield code="a">third generation healthcare organization plan (Sros&#xA0;III)</subfield>
  </datafield>
  <datafield tag="786" ind1="0" ind2=" ">
    <subfield code="n">Sant&#xE9; Publique | 20 | 1 | 2008-03-07 | p. 81-94 | 0995-3914</subfield>
  </datafield>
  <datafield tag="856" ind1="4" ind2="1">
    <subfield code="u">https://stm.cairn.info/revue-sante-publique-2008-1-page-81?lang=fr&amp;redirect-ssocas=7080</subfield>
  </datafield>
  <datafield tag="999" ind1=" " ind2=" ">
    <subfield code="c">2230922</subfield>
    <subfield code="d">2230922</subfield>
  </datafield>
</record>
